Los guardianes de la libertad. Propaganda, desinformación y consenso en los medios de comunicación de masas /

Bibliographic Details
Main Author: Chomsky, Noam 1928-
Other Authors: Herman, Edward S.
Format: Libro
Language:English
Published: Barcelona, España Crítica 1990
Edition:1a.ed.
Series:Crítica o la sociedad 215
Subjects:
Online Access:

MARC

LEADER 00000cam a2200000 a 4500
001 003793
003 UAHC_CL
005 20170803115957.0
008 010822b xx j 000 1 eng
020 |a 8474234646 
040 |a UAHC_CL  |c UAHC_CL  |d UAHC_CL 
082 0 4 |a 302.2 CH548 
100 1 |a Chomsky, Noam  |d 1928- 
245 1 4 |a Los guardianes de la libertad. Propaganda, desinformación y consenso en los medios de comunicación de masas /  |c Noam Chomsky, Edward S. Herman. 
250 |a 1a.ed. 
260 |b Crítica  |c 1990  |a Barcelona, España 
300 |a 372 p. 
490 0 |a Crítica o la sociedad  |v 215 
521 |a Periodismo de investigación 
650 4 |a PERIODISMO 
650 4 |a COMUNICACION DE MASAS 
653 |a OB. PERIODISMO 
658 |a Pérez, Carla 
700 1 |a Herman, Edward S. 
900 |a 302.2 CHO 
942 |c BK 
952 |0 0  |1 0  |4 0  |6 302_200000000000000_CHO  |7 0  |8 General  |9 8478  |a BC  |b BC  |c General  |d 2017-08-03  |l 0  |o 302.2 CHO  |p 1301585  |r 2026-01-07 00:00:00  |t 1  |w 2017-08-03  |y BK 
952 |0 0  |1 0  |4 0  |6 302_200000000000000_CHO  |7 0  |8 General  |9 8479  |a BC  |b BC  |c General  |d 2017-08-03  |l 0  |o 302.2 CHO  |p 1301515  |r 2026-01-07 00:00:00  |t 2  |w 2017-08-03  |y BK 
952 |0 0  |1 0  |4 0  |6 302_200000000000000_CHO  |7 0  |8 General  |9 8480  |a BC  |b BC  |c General  |d 2017-08-03  |l 1  |m 3  |o 302.2 CHO  |p 1401173  |r 2026-01-07 00:00:00  |s 2019-08-30  |t 3  |w 2017-08-03  |y BK 
999 |c 3793  |d 3793